[Event "San Luis Betania op 3rd"]
[Site "San Luis"]
[Date "2019.02.02"]
[Round "4"]
[White "Vilela, Fabian"]
[Black "Herrera, Daniel Alexis"]
[Result "1/2-1/2"]
[WhiteElo "1993"]
[BlackElo "1812"]
[PlyCount "93"]
[EventDate "2019.02.01"]
[EventType "swiss"]
[EventRounds "6"]
[EventCountry "ARG"]
[SourceTitle "EXT 2020"]
[Source "ChessBase"]
[SourceDate "2019.10.17"]
[SourceVersion "1"]
[SourceVersionDate "2019.10.17"]
[SourceQuality "1"]

1. e4 c5 2. Nf3 d6 3. Bc4 Nf6 4. Nc3 a6 5. a4 e6 6. 0-0 Be7 7. d3 0-0 8. Bg5 h6 9. Bh4 Nbd7 10. d4 d5 11. exd5 exd5 12. Ba2 c4 13. b3 Qa5 14. Ne2 c3 15. Ne5 Ba3 16. Nxd7 Nxd7 17. Qd3 Bb2 18. Rab1 Re8 19. f3 b5 20. b4 Qxb4 21. Bxd5 Ra7 22. axb5 axb5 23. Be1 Qd6 24. Bb3 b4 25. Bg3 Qa6 26. Bc4 Qa5 27. Nf4 Nb6 28. Rfe1 Rxe1+ 29. Rxe1 Bf5 30. Re8+ Kh7 31. Qe2 Qa1+ 32. Be1 Nxc4 33. Qxc4 Qd1 34. Qc5 Bxc2 35. Qxa7 Ba4 36. Re4 c2 37. Qxf7 Qxd4+ 38. Rxd4 Bxd4+ 39. Kh1 c1Q 40. Qf5+ Kg8 41. Qe6+ Kh7 42. Qe4+ Kg8 43. Nd3 Qc4 44. Qa8+ Kf7 45. Qe4 Kg8 46. Qa8+ Kf7 47. Qb7+ 1/2-1/2

[Event "ARG-ch sf U2000"]
[Site "San Luis"]
[Date "2015.07.25"]
[Round "2"]
[White "Espindola, Juan Carlos"]
[Black "Vilela, Fabian"]
[Result "0-1"]
[WhiteElo "1855"]
[BlackElo "1927"]
[PlyCount "68"]
[EventDate "2015.07.25"]
[EventType "swiss"]
[EventRounds "6"]
[EventCountry "ARG"]
[SourceTitle "EXT 2024"]
[Source "ChessBase"]
[SourceDate "2023.10.10"]
[SourceVersion "1"]
[SourceVersionDate "2023.10.10"]
[SourceQuality "1"]

1. d4 d5 2. Nf3 Nf6 3. Bf4 c6 4. c3 Qb6 5. Qb3 g6 6. Nbd2 Bg7 7. e3 Nh5 8. Bd3 Nxf4 9. exf4 Qc7 10. g3 0-0 11. 0-0 e6 12. Rac1 b5 13. a4 a6 14. Ra1 Bb7 15. Ne5 Nd7 16. Qa3 Nxe5 17. fxe5 Rfc8 18. b4 a5 19. Rfc1 bxa4 20. b5 c5 21. Qxa4 Qb6 22. f4 Bf8 23. Nf3 Rc7 24. Rc2 Bc8 25. Rb2 Bd7 26. Kg2 c4 27. Bc2 Rb7 28. Rab1 Rab8 29. Qa2 a4 30. Bd1 a3 31. Rb4 Bxb4 32. Rxb4 Qa5 33. Ra4 Qxb5 34. Rxa3 Qb1 0-1

[Event "ARG-ch sf U2000"]
[Site "San Luis"]
[Date "2015.07.25"]
[Round "1"]
[White "Vilela, Fabian"]
[Black "Barloa, Enzo"]
[Result "1-0"]
[WhiteElo "1927"]
[BlackElo "1535"]
[PlyCount "67"]
[EventDate "2015.07.25"]
[EventType "swiss"]
[EventRounds "6"]
[EventCountry "ARG"]
[SourceTitle "EXT 2024"]
[Source "ChessBase"]
[SourceDate "2023.10.10"]
[SourceVersion "1"]
[SourceVersionDate "2023.10.10"]
[SourceQuality "1"]

1. e4 c5 2. Nc3 Nc6 3. g3 g6 4. Bg2 Bg7 5. Nge2 d6 6. 0-0 Nf6 7. d3 0-0 8. h3 Qc7 9. f4 e6 10. g4 b6 11. f5 Bb7 12. Nf4 exf5 13. Nfd5 Nxd5 14. Nxd5 Qd7 15. gxf5 f6 16. c3 Ne7 17. Nxe7+ Qxe7 18. Qg4 Bc8 19. Qg3 gxf5 20. exf5 Bb7 21. Re1 Qd7 22. Bxb7 Qxb7 23. Qg2 Qxg2+ 24. Kxg2 Rae8 25. Bf4 Rxe1 26. Rxe1 Rd8 27. Re7 Bf8 28. Rxa7 Re8 29. Kf2 Re7 30. Ra8 d5 31. Bh6 Rf7 32. d4 cxd4 33. cxd4 b5 34. b4 1-0